[Event "GER-ch U12"]
[Site "Magdeburg"]
[Date "2014.06.13"]
[Round "10"]
[White "Bierfreund, Trine Maja"]
[Black "Gheng, Dominik"]
[Result "1-0"]
[WhiteElo "1288"]
[BlackElo "1628"]
[PlyCount "81"]
[EventDate "2014.06.08"]
[EventType "swiss"]
[EventRounds "11"]
[EventCountry "GER"]
[SourceTitle "CBM 160 Extra"]
[Source "ChessBase"]
[SourceDate "2014.07.01"]
[SourceVersion "1"]
[SourceVersionDate "2014.07.01"]
[SourceQuality "1"]

1. e4 c5 2. Nf3 g6 3. d4 cxd4 4. Nxd4 Bg7 5. c4 Nc6 6. Be3 Nf6 7. Nc3 0-0 8. Be2 d6 9. 0-0 Ne5 10. f3 Nc6 11. Qd2 Bd7 12. Rfd1 Rc8 13. Rac1 a6 14. b3 Qc7 15. Nd5 Qd8 16. Nxc6 bxc6 17. Bb6 Qe8 18. Nxf6+ Bxf6 19. c5 Ra8 20. cxd6 Qb8 21. Bc5 exd6 22. Bxd6 Qa7+ 23. Bc5 Bg5 24. Qxg5 Qb7 25. Bxf8 Rxf8 26. Qe7 Qb6+ 27. Kf1 Be6 28. Qc5 Qc7 29. Qxc6 Qxh2 30. Qd6 Qh1+ 31. Kf2 Qh4+ 32. Qg3 Qe7 33. Kf1 Qa3 34. Rc2 a5 35. Qd6 Qxd6 36. Rxd6 Ra8 37. Rcd2 Kg7 38. Bc4 Bxc4+ 39. bxc4 Rc8 40. Rc2 a4 41. Ra6 1-0

[Event "GER-ch U12"]
[Site "Magdeburg"]
[Date "2014.06.11"]
[Round "7"]
[White "Garbuz, Nicole"]
[Black "Bierfreund, Trine Maja"]
[Result "0-1"]
[WhiteElo "1389"]
[BlackElo "1288"]
[PlyCount "109"]
[EventDate "2014.06.08"]
[EventType "swiss"]
[EventRounds "11"]
[EventCountry "GER"]
[SourceTitle "CBM 160 Extra"]
[Source "ChessBase"]
[SourceDate "2014.07.01"]
[SourceVersion "1"]
[SourceVersionDate "2014.07.01"]
[SourceQuality "1"]

1. e4 e5 2. Nf3 Nc6 3. Bc4 Bc5 4. b4 Bxb4 5. c3 Bd6 6. d4 exd4 7. cxd4 Bb4+ 8. Bd2 Bxd2+ 9. Nbxd2 d6 10. Qb3 Qe7 11. 0-0 Nh6 12. e5 0-0 13. Rfe1 Na5 14. Qb5 Nxc4 15. Nxc4 a6 16. Qb2 d5 17. Ne3 c6 18. Rac1 Nf5 19. Qb1 Nxe3 20. Rxe3 Be6 21. Nd2 Rab8 22. Rg3 f6 23. f4 fxe5 24. fxe5 Bf5 25. Qb2 Qf7 26. Rf1 Qh5 27. Nb3 Qf7 28. Rg5 Qd7 29. Nc5 Qc8 30. Qb3 Bg6 31. Rxf8+ Kxf8 32. Qa3 Kg8 33. e6 Be8 34. Qg3 g6 35. Nd7 Bxd7 36. exd7 Qd8 37. Qd6 Qf8 38. Qe6+ Qf7 39. Re5 Qxe6 40. Rxe6 Kf7 41. Re8 Rxe8 42. dxe8Q+ Kxe8 43. Kf2 Ke7 44. Ke3 Ke6 45. Kf4 Kf6 46. g3 g5+ 47. Kf3 h5 48. h3 Kf5 49. g4+ hxg4+ 50. hxg4+ Ke6 51. Ke3 Kd6 52. Kd3 b6 53. Kc3 c5 54. a3 cxd4+ 55. Kxd4 0-1

[Event "GER-ch U12"]
[Site "Magdeburg"]
[Date "2014.06.08"]
[Round "2"]
[White "Bierfreund, Trine Maja"]
[Black "Wong, Gengchun"]
[Result "0-1"]
[WhiteElo "1288"]
[BlackElo "1850"]
[PlyCount "132"]
[EventDate "2014.06.08"]
[EventType "swiss"]
[EventRounds "11"]
[EventCountry "GER"]
[SourceTitle "CBM 160 Extra"]
[Source "ChessBase"]
[SourceDate "2014.07.01"]
[SourceVersion "1"]
[SourceVersionDate "2014.07.01"]
[SourceQuality "1"]

1. e4 d5 2. exd5 Qxd5 3. Nc3 Qa5 4. Nf3 Nf6 5. Bc4 c6 6. 0-0 Bf5 7. d4 e6 8. Bf4 Bb4 9. Ne2 Nbd7 10. c3 Be7 11. Ng3 Bg6 12. Re1 0-0 13. Qb3 Qb6 14. Bxe6 fxe6 15. Qxe6+ Rf7 16. Ng5 Nf8 17. Qe2 Nd5 18. Nxf7 Bxf7 19. Be5 Bf6 20. Bxf6 Nxf6 21. Qd2 Ng6 22. a3 Rd8 23. Rac1 Qb5 24. h3 Bd5 25. f3 Bc4 26. Ne4 Nh5 27. Kh2 Nhf4 28. Re3 Qb6 29. b4 Qc7 30. Kh1 Ne7 31. Rce1 Ned5 32. Nf2 Nxe3 33. Qxe3 Nd5 34. Qe6+ Qf7 35. Qxf7+ Kxf7 36. Ng4 Nb6 37. Ne5+ Kf8 38. Nxc4 Nxc4 39. a4 Re8 40. Rxe8+ Kxe8 41. Kg1 Ke7 42. Kf2 Nb2 43. a5 Nd1+ 44. Ke2 Nxc3+ 45. Kd3 Na2 46. g3 Nxb4+ 47. Kc4 Nc2 48. d5 Ne3+ 49. Kd4 Nxd5 50. f4 Kd6 51. f5 b6 52. axb6 axb6 53. g4 c5+ 54. Kc4 Nc7 55. h4 b5+ 56. Kc3 Nd5+ 57. Kd3 c4+ 58. Kd2 b4 59. Kc1 c3 60. Kc2 Ne3+ 61. Kc1 Nxg4 62. Kb1 b3 63. Kc1 Nf2 64. Kb1 Nd3 65. Ka1 c2 66. h5 c1R# 0-1

[Event "GER-chT Lands U20"]
[Site "Hannover"]
[Date "2013.10.06"]
[Round "7.8"]
[White "Schulze, Lara"]
[Black "Bierfreund, Trine Maja"]
[Result "1-0"]
[WhiteElo "1561"]
[BlackElo "1253"]
[PlyCount "115"]
[EventDate "2013.10.02"]
[EventType "team-swiss"]
[EventRounds "7"]
[EventCountry "GER"]
[SourceTitle "EXT 2014"]
[Source "ChessBase"]
[SourceDate "2013.11.20"]
[SourceVersion "1"]
[SourceVersionDate "2013.11.20"]
[SourceQuality "1"]
[WhiteTeam "Niedersachsen"]
[BlackTeam "Sachsen Anhalt"]
[WhiteTeamCountry "GER"]
[BlackTeamCountry "GER"]

1. d4 d5 2. c4 e6 3. Nf3 Nf6 4. Nc3 Be7 5. Bg5 0-0 6. e3 h6 7. Bf4 Nbd7 8. Bd3 dxc4 9. Bxc4 Nb6 10. Bb3 c5 11. 0-0 cxd4 12. Nxd4 Re8 13. Ndb5 Rf8 14. Nc7 Rb8 15. Qxd8 Rxd8 16. N7d5 Bd6 17. Nxf6+ gxf6 18. Bxd6 Rxd6 19. Ne4 Rd8 20. Nxf6+ Kg7 21. Ne4 Bd7 22. Rfd1 Bc6 23. Nc3 Rg8 24. f3 Kh8 25. Kf2 Rg7 26. e4 Rbg8 27. g3 Nd7 28. Ba4 Bxa4 29. Nxa4 Ne5 30. Rac1 Rg6 31. Rc5 Nc6 32. Rd7 Rb8 33. Rxf7 Kg8 34. Rd7 Rg7 35. Rxg7+ Kxg7 36. Rc2 Kf6 37. Nc5 Ke7 38. Rd2 b6 39. Nb3 a5 40. Nd4 Nxd4 41. Rxd4 Rc8 42. Rd2 b5 43. Kg2 Rc5 44. f4 h5 45. Kf3 b4 46. h3 Rb5 47. g4 hxg4+ 48. hxg4 e5 49. f5 Rb6 50. Rd5 Kf6 51. Rxa5 Rb7 52. Ra6+ Kg7 53. Re6 Rd7 54. Ke3 Rd1 55. Rxe5 Rg1 56. Rb5 Rxg4 57. Rxb4 Kf6 58. e5+ 1-0

[Event "GER-chT North U14"]
[Site "Magdeburg"]
[Date "2013.09.14"]
[Round "5.3"]
[White "Wang, Yang Felix"]
[Black "Bierfreund, Trine Maja"]
[Result "1-0"]
[WhiteElo "1016"]
[BlackElo "1253"]
[PlyCount "117"]
[EventDate "2013.09.12"]
[EventType "team-swiss"]
[EventRounds "7"]
[EventCountry "GER"]
[SourceTitle "EXT 2014"]
[Source "ChessBase"]
[SourceDate "2013.11.20"]
[SourceVersion "1"]
[SourceVersionDate "2013.11.20"]
[SourceQuality "1"]
[WhiteTeam "Weisse Dame"]
[BlackTeam "Magdeburg Aufbau Elbe"]
[WhiteTeamCountry "GER"]
[BlackTeamCountry "GER"]

1. e4 e5 2. Nf3 Nc6 3. Bc4 Nf6 4. d3 Be7 5. Nc3 0-0 6. 0-0 d6 7. h3 a6 8. Be3 Kh8 9. d4 exd4 10. Nxd4 Nxe4 11. Nxe4 d5 12. Nxc6 bxc6 13. Bd3 dxe4 14. Bxe4 Qe8 15. Qh5 f5 16. Qxe8 Rxe8 17. Bxc6 Be6 18. Bxa8 Rxa8 19. Rfe1 Re8 20. b3 Bf6 21. Rad1 Bc3 22. Re2 h6 23. Bd2 Bxd2 24. Rexd2 Kg8 25. Kf1 Kf7 26. Ke2 Bc4+ 27. Kf3 Be6 28. Ke3 Bxb3+ 29. Kd4 Bxa2 30. Kc3 c5 31. Rd7+ Re7 32. Rxe7+ Kxe7 33. Ra1 Bd5 34. g3 Bb7 35. Ra5 Kd6 36. Ra1 g5 37. Re1 Be4 38. g4 Ke5 39. f3 Kf4 40. fxe4 fxe4 41. Kd2 Kf3 42. Re3+ Kf4 43. Ke2 Ke5 44. Ra3 Kd4 45. Rxa6 Kc3 46. Rc6 c4 47. Ke3 Kb4 48. Kxe4 Kb5 49. Rc8 Kb4 50. Kd4 Kb5 51. Rxc4 Kb6 52. Rc5 Ka6 53. Kd5 Kb6 54. Kd6 Kb7 55. Rc6 Kb8 56. Rc7 Ka8 57. Kc6 Kb8 58. Kb6 Ka8 59. Rc8# 1-0

[Event "GER-ch U10"]
[Site "Oberhof"]
[Date "2013.05.24"]
[Round "10"]
[White "Bierfreund, Trine Maja"]
[Black "Ewerhardy, Moritz"]
[Result "1/2-1/2"]
[WhiteElo "1341"]
[BlackElo "1019"]
[PlyCount "80"]
[EventDate "2013.05.19"]
[EventType "swiss"]
[EventRounds "11"]
[EventCountry "GER"]
[SourceTitle "CBM 154 Extra"]
[Source "ChessBase"]
[SourceDate "2013.06.25"]
[SourceVersion "2"]
[SourceVersionDate "2013.06.25"]
[SourceQuality "1"]

1. e4 e5 2. Nf3 Nc6 3. Bc4 Bc5 4. c3 Nf6 5. d4 exd4 6. cxd4 Bb4+ 7. Bd2 Bxd2+ 8. Nbxd2 Qe7 9. 0-0 d6 10. Re1 0-0 11. d5 Ne5 12. Nxe5 Qxe5 13. Qc2 Bd7 14. Nf3 Qe8 15. e5 dxe5 16. Rxe5 Qd8 17. Ng5 Be8 18. Rae1 g6 19. Ne6 Qd6 20. Nxf8 Qxf8 21. Re7 Rc8 22. Bb3 a6 23. Rxc7 Rb8 24. Rc8 Rxc8 25. Qxc8 b5 26. Qd8 Kg7 27. h3 Qc5 28. Rxe8 Nxe8 29. Qxe8 Qc1+ 30. Kh2 Qf4+ 31. Kh1 Qc1+ 32. Kh2 Qf4+ 33. Kh1 Qc1+ 34. Kh2 Qf4+ 35. Kg1 Qc1+ 36. Kh2 Qf4+ 37. Kg1 Qc1+ 38. Kh2 Qf4+ 39. Kh1 Qc1+ 40. Kh2 Qf4+ 1/2-1/2

[Event "Landesliga Nord 1112"]
[Site "Bayern"]
[Date "2012.02.05"]
[Round "6.8"]
[White "Saathoff, Richard"]
[Black "Bierfreund, Trine Maja"]
[Result "1/2-1/2"]
[WhiteElo "2113"]
[BlackElo "1925"]
[PlyCount "26"]
[EventDate "2011.10.02"]
[EventType "team-tourn"]
[EventRounds "9"]
[EventCountry "GER"]
[SourceTitle "EXT 2013"]
[Source "ChessBase"]
[SourceDate "2012.11.22"]
[SourceVersion "1"]
[SourceVersionDate "2012.11.22"]
[SourceQuality "1"]
[WhiteTeam "Nuernberg Sued SW"]
[BlackTeam "Bindlach II"]
[WhiteTeamCountry "GER"]
[BlackTeamCountry "GER"]

1. e4 e5 2. f4 exf4 3. Nf3 d5 4. exd5 Qxd5 5. Nc3 Qa5 6. Bc4 Nc6 7. Qe2+ Be7 8. d4 Bg4 9. d5 Bxf3 10. gxf3 Nd4 11. Qe4 Qc5 12. Bd3 0-0-0 13. Qxf4 Bh4+ 1/2-1/2

[Event "Boeblingen op 26th"]
[Site "Boeblingen"]
[Date "2009.12.30"]
[Round "8"]
[White "Schuh, Karsten"]
[Black "Bierfreund, Trine Maja"]
[Result "1-0"]
[WhiteElo "2230"]
[BlackElo "2102"]
[PlyCount "89"]
[EventDate "2009.12.26"]
[EventType "swiss"]
[EventRounds "9"]
[EventCountry "GER"]
[SourceTitle "CBM 134 Extra"]
[Source "ChessBase"]
[SourceDate "2010.03.03"]
[SourceVersion "1"]
[SourceVersionDate "2010.03.03"]
[SourceQuality "1"]

1. c4 e5 2. Nc3 Nc6 3. g3 Bc5 4. Bg2 a6 5. e3 Ba7 6. Nge2 d6 7. Rb1 Bf5 8. d3 Qd7 9. Nd5 Rb8 10. b4 Nce7 11. e4 Nxd5 12. cxd5 Bg4 13. h3 Bh5 14. g4 Bg6 15. Ng3 c6 16. dxc6 Qxc6 17. 0-0 Ne7 18. Bb2 0-0 19. d4 f6 20. Nf5 Bxf5 21. exf5 Qb5 22. Qb3+ Kh8 23. a4 Qe8 24. b5 Bxd4 25. Bxd4 exd4 26. Rfe1 axb5 27. axb5 Qf7 28. Qxf7 Rxf7 29. Rbd1 g6 30. fxg6 Nxg6 31. Rxd4 Rd7 32. Re6 Kg7 33. Rexd6 Rxd6 34. Rxd6 b6 35. Kh2 Ne7 36. Be4 h6 37. f3 Kf7 38. Kg3 Ng8 39. Kf4 Ke7 40. Rc6 h5 41. Bd5 hxg4 42. hxg4 Kf8 43. Bxg8 Kxg8 44. Rxf6 Kg7 45. Kg5 1-0

[Event "GER-chT U20"]
[Site "Kelbra"]
[Date "2006.12.30"]
[Round "7.4"]
[White "Bierfreund, Trine Maja"]
[Black "Fuchs, Maria"]
[Result "1-0"]
[WhiteElo "2107"]
[BlackElo "1848"]
[PlyCount "89"]
[EventDate "2006.12.27"]
[EventType "team-swiss"]
[EventRounds "7"]
[EventCountry "GER"]
[SourceTitle "EXT 2008"]
[Source "ChessBase"]
[SourceDate "2007.11.25"]
[SourceVersion "1"]
[SourceVersionDate "2007.11.25"]
[SourceQuality "1"]
[WhiteTeam "Bindlach Aktionaer U20"]
[BlackTeam "Leipzig Mitte U20"]
[WhiteTeamCountry "GER"]
[BlackTeamCountry "GER"]

1. Nf3 d5 2. d4 e6 3. g3 Nf6 4. Bg2 Be7 5. 0-0 0-0 6. Nbd2 b6 7. Ne5 Bb7 8. c4 Nbd7 9. cxd5 Bxd5 10. Nc6 Qe8 11. Nxe7+ Qxe7 12. Nf3 Rad8 13. Qa4 e5 14. e3 Ra8 15. Bd2 exd4 16. exd4 Rfe8 17. Rac1 c5 18. Rfe1 Qd8 19. Rxe8+ Qxe8 20. Re1 Qf8 21. Bc3 Qd6 22. Rd1 Qc6 23. Qxc6 Bxc6 24. dxc5 Nxc5 25. Bxf6 gxf6 26. Nh4 Bxg2 27. Kxg2 h6 28. b4 Ne6 29. Rd7 a5 30. b5 Rd8 31. Rxd8+ Nxd8 32. Nf5 Nb7 33. Kf3 Nc5 34. Ke3 Kh7 35. Kd4 Kg6 36. Nd6 f5 37. Nc4 Na4 38. Kd5 Nc3+ 39. Kc6 Nxa2 40. Kxb6 a4 41. Ka5 Nc3 42. b6 Nd5 43. b7 Ne7 44. Kxa4 Nc6 45. Ne5+ 1-0

[Event "GER-chT U20"]
[Site "Kelbra"]
[Date "2006.12.28"]
[Round "3.4"]
[White "Bierfreund, Trine Maja"]
[Black "Pilat, Daniel"]
[Result "1-0"]
[WhiteElo "2107"]
[BlackElo "2109"]
[PlyCount "103"]
[EventDate "2006.12.27"]
[EventType "team-swiss"]
[EventRounds "7"]
[EventCountry "GER"]
[SourceTitle "EXT 2008"]
[Source "ChessBase"]
[SourceDate "2007.11.25"]
[SourceVersion "1"]
[SourceVersionDate "2007.11.25"]
[SourceQuality "1"]
[WhiteTeam "Bindlach Aktionaer U20"]
[BlackTeam "Bochum SG 31 U20"]
[WhiteTeamCountry "GER"]
[BlackTeamCountry "GER"]

1. f4 d5 2. Nf3 Nf6 3. e3 Bg4 4. Be2 Nbd7 5. 0-0 Bxf3 6. Bxf3 e5 7. g3 c6 8. fxe5 Nxe5 9. Bg2 Bd6 10. Nc3 Qc7 11. Ne2 0-0-0 12. b4 h5 13. Bh3+ Kb8 14. Nd4 h4 15. g4 Ne4 16. Nf5 Bxb4 17. Rb1 Bf8 18. Bb2 g6 19. Bxe5 Qxe5 20. Nd4 Qc7 21. Bg2 Bd6 22. Bxe4 dxe4 23. Qe2 Ka8 24. Rf2 h3 25. Rbf1 Rdf8 26. Qc4 Qd7 27. Kh1 Qxg4 28. Nxc6 Qd7 29. Nd4 f5 30. Rg1 Rc8 31. Qb3 Be5 32. c3 Bxd4 33. exd4 f4 34. Rxf4 Qe8 35. Qd5 Rf8 36. Rxe4 Qa4 37. Re7 Qa6 38. Qd7 Rb8 39. Qxh3 Qxa2 40. Qg2 Qc2 41. Rge1 Qd3 42. Rg7 Rg8 43. Rge7 g5 44. Qe2 Qg6 45. Qe4 Qa6 46. d5 Rgf8 47. Qe2 Qd6 48. c4 a6 49. d4 Rh8 50. Re6 Qf4 51. c5 Qxd4 52. Rxa6+ 1-0

[Event "GER-chT U20"]
[Site "Kelbra"]
[Date "2006.12.28"]
[Round "4.4"]
[White "Witte, Stefan"]
[Black "Bierfreund, Trine Maja"]
[Result "1/2-1/2"]
[WhiteElo "1914"]
[BlackElo "2107"]
[PlyCount "102"]
[EventDate "2006.12.27"]
[EventType "team-swiss"]
[EventRounds "7"]
[EventCountry "GER"]
[SourceTitle "EXT 2008"]
[Source "ChessBase"]
[SourceDate "2007.11.25"]
[SourceVersion "1"]
[SourceVersionDate "2007.11.25"]
[SourceQuality "1"]
[WhiteTeam "Heilbronn U20"]
[BlackTeam "Bindlach Aktionaer U20"]
[WhiteTeamCountry "GER"]
[BlackTeamCountry "GER"]

1. g3 d5 2. Bg2 e5 3. d3 f5 4. Nf3 Nc6 5. e3 Nf6 6. Nc3 Be6 7. Bd2 Qd7 8. Ng5 Bg8 9. a3 h6 10. Nh3 g5 11. f4 g4 12. Nf2 exf4 13. gxf4 0-0-0 14. d4 Re8 15. Ne2 h5 16. Nd3 h4 17. h3 g3 18. Ne5 Qg7 19. Nc3 Nxe5 20. dxe5 Ng4 21. Qe2 Nf2 22. Rg1 c6 23. Nd1 Ne4 24. Nc3 Bf7 25. Nxe4 dxe4 26. Bc3 Bh5 27. Qc4 Qc7 28. Bd4 c5 29. Bc3 Bg7 30. Rb1 Rd8 31. Qe6+ Qd7 32. Qxd7+ Rxd7 33. Bf1 Rhd8 34. Be2 Bf3 35. Ba5 b6 36. Bc3 Kb7 37. Ra1 a6 38. b4 c4 39. Bd4 b5 40. c3 Rg8 41. Bf1 g2 42. Bxg2 Bxe5 43. Bxe5 Rxg2 44. Rxg2 Bxg2 45. Bd4 Bxh3 46. Kf2 Bg4 47. Rh1 h3 48. Kg3 Kc6 49. Rh2 Rd8 50. Rd2 Rd7 51. Rh2 Rd8 1/2-1/2

[Event "Landesliga Nord 0304"]
[Site "Bayern"]
[Date "2004.03.28"]
[Round "8.8"]
[White "Bierfreund, Trine Maja"]
[Black "Keck, Ingolf"]
[Result "0-1"]
[WhiteElo "1754"]
[BlackElo "2102"]
[PlyCount "188"]
[EventDate "2003.10.??"]
[EventType "team-tourn"]
[EventRounds "9"]
[EventCountry "GER"]
[SourceTitle "EXT 2006"]
[Source "ChessBase"]
[SourceDate "2005.11.24"]
[SourceVersion "1"]
[SourceVersionDate "2005.11.24"]
[SourceQuality "1"]
[WhiteTeam "Bindlach"]
[BlackTeam "Regensburg Fortuna II"]
[WhiteTeamCountry "GER"]
[BlackTeamCountry "GER"]

1. d4 Nf6 2. c4 e6 3. Nc3 c5 4. e3 Be7 5. Nf3 0-0 6. Bd3 b6 7. b3 Bb7 8. Bb2 d6 9. 0-0 Nbd7 10. Rc1 a6 11. Ne2 Qc7 12. dxc5 Nxc5 13. Bb1 Rad8 14. Ng3 Rfe8 15. Qe2 Qb8 16. Rfd1 Qa8 17. Ne1 a5 18. f3 Ncd7 19. Nd3 Ba6 20. e4 b5 21. cxb5 Bxb5 22. Qe1 a4 23. e5 Nd5 24. exd6 Bxd6 25. Ne4 Bf8 26. Qh4 axb3 27. axb3 Qb8 28. Ndf2 h6 29. Nc3 Be7 30. Qe4 N7f6 31. Qe1 Bc6 32. Nce4 Ba8 33. Nxf6+ Bxf6 34. Bxf6 Nxf6 35. Rxd8 Rxd8 36. Qc3 Bd5 37. b4 Bb7 38. Qc7 Nd5 39. Qc2 f5 40. Qb3 Kf7 41. b5 Qf4 42. Re1 Rc8 43. Nd3 Qd4+ 44. Kh1 Rc3 45. Qd1 Kf6 46. Qe2 Bc8 47. Qe5+ Qxe5 48. Nxe5 Rb3 49. Bd3 Nc3 50. Bc4 Rb4 51. h3 Nxb5 52. Bxb5 Rxb5 53. Nc4 Bd7 54. Ra1 Rc5 55. Nb6 Bc6 56. Ra7 Rc1+ 57. Kh2 Rb1 58. Nd7+ Bxd7 59. Rxd7 f4 60. h4 g6 61. h5 gxh5 62. Rh7 Kg6 63. Re7 Re1 64. Re8 Re3 65. Kh3 Re1 66. Kh2 h4 67. Kh3 h5 68. Kh2 Kf7 69. Rh8 Re5 70. Kh3 Rg5 71. Rh7+ Kf6 72. Kxh4 Rxg2 73. Rh6+ Ke5 74. Rxh5+ Kd4 75. Ra5 Rg3 76. Ra4+ Ke5 77. Ra5+ Kf6 78. Ra3 Kf5 79. Rb3 e5 80. Ra3 Rg7 81. Kh3 Ke6 82. Ra6+ Kd5 83. Ra5+ Kd4 84. Ra4+ Ke3 85. Ra3+ Kf2 86. Kh4 Rg3 87. Ra5 Kxf3 88. Rxe5 Rg8 89. Re1 Kf2 90. Ra1 f3 91. Ra2+ Kg1 92. Ra1+ Kg2 93. Ra3 f2 94. Ra2 Kg1 0-1

[Event "Oberfranken-ch U18 0304"]
[Site "Schney"]
[Date "2004.01.03"]
[Round "2"]
[White "Bierfreund, Trine Maja"]
[Black "Stroehlein, Benjamin"]
[Result "1-0"]
[WhiteElo "1785"]
[BlackElo "1093"]
[PlyCount "99"]
[EventDate "2004.01.02"]
[EventType "tourn"]
[EventRounds "7"]
[EventCountry "GER"]
[SourceTitle "EXT 2005"]
[Source "ChessBase"]
[SourceDate "2004.11.15"]
[SourceVersion "1"]
[SourceVersionDate "2004.11.15"]
[SourceQuality "1"]

1. d4 Nf6 2. c4 g6 3. Nc3 Bg7 4. e4 d6 5. Be3 0-0 6. f3 Nbd7 7. Bd3 e5 8. d5 a6 9. b4 b6 10. Nge2 Bb7 11. Qd2 a5 12. b5 Nc5 13. g4 Nfd7 14. Ng3 Nxd3+ 15. Qxd3 Nc5 16. Qd2 Bc8 17. 0-0-0 Qe7 18. h4 f6 19. h5 g5 20. h6 Bh8 21. Rh5 Kf7 22. Bxc5 bxc5 23. Na4 Bd7 24. Qe1 Rg8 25. Rd3 Rgb8 26. Ra3 Rb7 27. Nb2 Rba7 28. Ra4 Qd8 29. Rh2 Qb8 30. Rc2 Qb6 31. Rc3 Kf8 32. Rca3 Kf7 33. Nf1 Kg6 34. Nd2 Kxh6 35. Nb3 Kg7 36. Rxa5 Rxa5 37. Rxa5 Rxa5 38. Qxa5 h6 39. Qxb6 cxb6 40. Na4 Kf7 41. Nxb6 Ke7 42. a4 f5 43. exf5 h5 44. gxh5 Bxf5 45. Nd2 g4 46. fxg4 Bxg4 47. a5 e4 48. Nxe4 Bd4 49. Kd2 Bf5 50. Nc3 1-0

[Event "Pyramiden Franken Cup 4th"]
[Site "Fuerth"]
[Date "2001.08.20"]
[Round "3"]
[White "Bierfreund, Trine Maja"]
[Black "Braginsky, Alexej"]
[Result "0-1"]
[WhiteElo "1390"]
[BlackElo "2210"]
[PlyCount "154"]
[EventDate "2001.08.18"]
[EventType "swiss"]
[EventRounds "9"]
[EventCountry "GER"]
[SourceTitle "EXT 2010"]
[Source "ChessBase"]
[SourceDate "2010.11.25"]
[SourceVersion "1"]
[SourceVersionDate "2010.11.25"]
[SourceQuality "1"]

1. d4 Nf6 2. c4 g6 3. Nc3 d5 4. Nf3 Bg7 5. Bg5 Ne4 6. cxd5 Nxg5 7. Nxg5 e6 8. Nf3 exd5 9. e3 0-0 10. Bd3 Be6 11. Qc2 Nd7 12. h4 c5 13. h5 c4 14. hxg6 cxd3 15. gxh7+ Kh8 16. Qxd3 Qf6 17. Nh4 Rfe8 18. Nb5 Rec8 19. Nd6 Rc6 20. Ndf5 Bxf5 21. Qxf5 Rac8 22. Rd1 Rc2 23. Qxf6 Nxf6 24. Nf5 Nxh7 25. Nd6 R8c7 26. Rh5 Rd7 27. Nb5 Kg8 28. Rd2 Rxd2 29. Kxd2 Nf6 30. Rh1 Ne4+ 31. Ke2 a6 32. Nc3 Nxc3+ 33. bxc3 Kf8 34. f3 Ke7 35. Kd3 Rd6 36. Rb1 b6 37. c4 dxc4+ 38. Kxc4 Bh6 39. Kd3 Kd7 40. a4 Kc6 41. Rc1+ Kb7 42. Rc2 Rc6 43. Rb2 Rc1 44. Ra2 Rd1+ 45. Ke2 Rb1 46. g4 Kc6 47. e4 Kd6 48. Rc2 Bg7 49. Rc4 Rb3 50. f4 a5 51. g5 Rb2+ 52. Kd3 Rb3+ 53. Ke2 Ra3 54. f5 Kd7 55. d5 Rg3 56. Rc6 Bd4 57. g6 fxg6 58. fxg6 Bc5 59. Re6 Re3+ 60. Kd2 Ra3 61. Ke2 Rxa4 62. Kf3 Ra1 63. Kg4 Rg1+ 64. Kh5 a4 65. Rf6 a3 66. Rf7+ Kd6 67. Ra7 Ke5 68. Kh6 Kxe4 69. d6 Bxd6 70. Kh7 Kd4 71. g7 Kc3 72. g8Q Rxg8 73. Kxg8 Kb2 74. Kf7 Bc5 75. Ke6 a2 76. Kd5 a1Q 77. Rxa1 Kxa1 0-1